02695nam a2200277 4500001000400000003000400004005001700008008004100025020001500066040000800081041000800089082001700097100003800114245010000152260002900252300001600281520196500297650002602262650002002288650001902308650001302327655001202340655001602352700003502368830001402403461OSt20250829145824.0250829b |||||||g |||| 00| 1 eng d a8526233505 bpor apor a028.5bA554m aAndrade, Telma Guimarães Castro aMomento de decisãocAndrade, Telma Guimarães Castro ; Ilustrações de Cecília Iwashita aSão PaulobAtualc1997 a120 p.bil. aO livro começa na escola Professor Cristiano Bertoni, de onde os alunos da 7ªB partem para uma excursão para uma área de vegetação de mangue, e depois para uma praia. Na trilha, cinco alunos se perdem, e acabam encontrando um avião acidentado com uma mala de dinheiro dentro. Como todos necessitam desse dinheiro, eles concordam, alguns relutantemente, em dividi-lo. Porém, no dia seguinte, quando voltam ao local, o dinheiro sumiu. O foco então se divide entre as casas desses cinco alunos, e o grande mistério fica por conta de quem roubou o dinheiro. É nessa parte da história que entra o "Momento de Decisão" do título, quando os autores deixam a decisão para o leitor. Infantojuvenil ver menos Edições (2)ver mais Momento de decisão Momento de decisão Similares (1)ver mais Nosso Filme Resenhas para Momento de decisão (3)ver mais Interessante, mas sem final Laura2em 2/1/15 Achei a história muito interessante, e adoraria saber o fim dos próprios autores. Não gosto de livros que o leitor precisa escrever/decidir o fim.... leia mais Estatísticas Desejam1 Trocam10 Avaliações2.8 / 76 5ranking 77%4ranking 2222%3ranking 3434%2ranking 2424%1ranking 1313% 16% 84% estagio e Foto -Telma Guimarães Castro Andrade Telma Guimarães Castro Andrade É formada em "Letras Vernáculas e Inglês" pela UNESP. Professora Efetiva de Inglês, aprovada em Concurso Público Oficial do Estado de São Paulo em 1979, lecionou na rede estadual de ensino em Campinas, São Paulo até 1995, quando decidiu dedicar-se somente a literat... Foto -Celso Antunes Celso Antunes Formado em geografia pela Universidade de São Paulo (USP), mestre em ciências humanas e especialista em inteligência e cognição. Membro consultor da Associação Internacional pelos Direitos da Criança Brincar, reconhecido pela UNESCO. É autor de cento e oitenta livr... Osmar cadastrou em: 01/10/2010 15:11:41  0aLiteratura Brasileira 0aRomance juvenil 0aInfantojuvenil 0aAventura 0aRomance 0aFicção  aCecília IwashitaeIlustrador aDiálogo